LEADER 00770nam 2200253 450 001 9910425460503321 005 20201209102029.0 010 $a9788891791047 100 $a20201209d2020----u y0engy50 ba 101 0 $aita 102 $aIT 105 0 $a 00 200 1 $a<>passione per la verità$ecome contrastare fake news e manipolazioni e costruire un sapere inclusivo$fa cura di laura Nota 210 $aMilano$cFrancoAngeli$d2020 215 $a194 p.$d22 cm 225 $a<>società$v204 610 0$aInformazione$aRuolo di internet 676 $a302.24$v22$zita 700 1$aNota,$bLaura$0258170 912 $a9910425460503321 952 $a302.24 NOT 1$b7451$fbfs 959 $aBFS 996 $aPassione per la verità$91762499 997 $aUNINA LEADER 04144nam 2200733 450 001 996309128703316 005 20210707162154.0 010 $a3-11-040469-9 010 $a3-11-040473-7 024 7 $a10.1515/9783110404692 035 $a(CKB)3710000000420551 035 $a(EBL)2056402 035 $a(SSID)ssj0001562117 035 $a(PQKBManifestationID)16204738 035 $a(PQKBTitleCode)TC0001562117 035 $a(PQKBWorkID)12074773 035 $a(PQKB)11201893 035 $a(DE-B1597)444475 035 $a(OCoLC)1013941024 035 $a(OCoLC)913870073 035 $a(DE-B1597)9783110404692 035 $a(MiAaPQ)EBC2056402 035 $a(EXLCZ)993710000000420551 100 $a20150611h20152015 uy 0 101 0 $ager 135 $aur|n|---||||| 181 $ctxt 182 $cc 183 $acr 200 10$aFrieden durch kommunikation $eDas System Genscher und die entspannungspolitik im zweiten kalten Krieg 1979-1982/83 /$fAgnes Bresselau von Bressensdorf 210 1$aBerlin, Germany ;$aBoston, Massachusetts :$cDe Gruyter,$d2015. 210 4$d©2015 215 $a1 online resource (394 p.) 225 1 $aStudien zur Zeitgeschichte,$x2192-0761 ;$vBand 88 300 $aDescription based upon print version of record. 311 $a3-11-040464-8 320 $aIncludes bibliographical references and index. 327 $tFrontmatter --$tInhalt --$tVorwort --$tEinleitung --$tI. Das "System Genscher" --$tII. "Realistische Entspannungspolitik" als Kommunikations- und Deeskalationsprozess --$tIII. Kontinuität und Anpassung. Die Politik der Bundesregierung im Afghanistan- Konflikt (1979/80) --$tIV. Demokratisierung durch Dialog: Die Politik der Bundesregierung in der Polen-Krise (1980-1982) --$tV. Koalitionspolitische "Wende" und entspannungspolitische Kontinuität im Schatten von NATO-Doppelbeschluss und Friedensbewegung (Herbst 1982 - Dez. 1983) --$tVI. Frieden durch Kommunikation - ein Fazit --$tAbbildungsverzeichnis und Bildnachweis --$tAbkürzungsverzeichnis --$tQuellen- und Literaturverzeichnis --$tPersonenregister 330 $aWie funktioniert Entspannungspolitik in internationalen Krisenzeiten? Ende der 1970er Jahre stand Bundesaußenminister Genscher vor der Herausforderung, das Prestige-Projekt der sozial-liberalen Koalition - die Entspannungspolitik gegenüber dem Osten - gegen den heraufziehenden "Zweiten Kalten Krieg" zu verteidigen. Agnes Bresselau von Bressensdorf zeigt am Beispiel des sowjetischen Einmarsches in Afghanistan und der polnischen Krise, wie er darauf mit einer antizyklischen Kommunikationspolitik antwortete, um die angespannte internationale Lage zu deeskalieren. Über diese konkreten Fallbeispiele hinaus sieht die Autorin die Grundlagen für den langfristigen Erfolg Genschers als Bundesaußenminister, Vize-Kanzler und FDP-Vorsitzender in einem spezifischen "System Genscher": Mit dem Auswärtigen Amt als Schaltzentrale, der FDP als funktioneller Machtbasis und einer Strategie der Medialisierung, Personalisierung und Entertainisierung von Außenpolitik modernisierte Genscher das diplomatische Krisenmanagement und sicherte sich seine Position als zentraler Akteur bundesdeutscher Politik. 410 0$aStudien zur Zeitgeschichte (Institut fu?r Zeitgeschichte (Munich, Germany)) ;$vBd. 88. 606 $aIntercultural communication 606 $aPeace-building$xInternational cooperation 606 $aWorld politics$y1975-1985 607 $aGermany (West)$xForeign relations 608 $aElectronic books. 610 $aAfghanistan. 610 $aDétente policy. 610 $aForeign Office. 610 $aPoland. 610 $aSolidarity. 610 $amedia. 615 0$aIntercultural communication. 615 0$aPeace-building$xInternational cooperation. 615 0$aWorld politics 676 $a303.482 686 $aML 1700$2rvk 700 $aBresselau von Bressensdorf$b Agnes$0995724 801 0$bMiAaPQ 801 1$bMiAaPQ 801 2$bMiAaPQ 906 $aBOOK 912 $a996309128703316 996 $aFrieden durch kommunikation$92281610 997 $aUNISA LEADER 01301nam 2200421 450 001 9910324957303321 005 20230817193618.0 010 $a0-8248-8209-1 010 $a0-8248-8210-5 035 $a(CKB)4100000008343255 035 $a(WaSeSS)IndRDA00125017 035 $a(EXLCZ)994100000008343255 100 $a20200627h20191977 uy 0 101 0 $aeng 135 $aur||||||||||| 181 $ctxt$2rdacontent 182 $cc$2rdamedia 183 $acr$2rdacarrier 200 10$aMokilese-English dictionary /$fSheldon P. Harrison, Salich Albert 210 1$aHonolulu, Hawaii :$cUniversity Press of Hawaii,$d2019. 210 4$d©1977 215 $a1 online resource (xvii, 165 pages) 225 1 $aPALI Language Texts. Micronesia 311 $a0-8248-0512-7 410 0$aPALI language texts.$pMicronesia. 606 $aMokilese language$vDictionaries$xEnglish 606 $aEnglish language$vDictionaries$xMokilese 615 0$aMokilese language$xEnglish. 615 0$aEnglish language$xMokilese. 676 $a499.5 700 $aHarrison$b Sheldon P.$f1947-$01070961 702 $aAlbert$b Salich Y. 801 0$bWaSeSS 801 1$bWaSeSS 906 $aBOOK 912 $a9910324957303321 996 $aMokilese-English dictionary$92565479 997 $aUNINA